Welcome to CU Library Online Public Access Catalogue (OPAC)

Physics / (Record no. 1549)

MARC details
000 -LEADER
fixed length control field 00592cam a2200205 a 4500
001 - CONTROL NUMBER
control field 13067596
005 - DATE AND TIME OF LATEST TRANSACTION
control field 20241125200423.0
008 - FIXED-LENGTH DATA ELEMENTS--GENERAL INFORMATION
fixed length control field 030124s2004 njua 001 0 eng
020 ## - INTERNATIONAL STANDARD BOOK NUMBER
International Standard Book Number 9780131014169
050 00 - LIBRARY OF CONGRESS CALL NUMBER
Classification number QC23.2
Item number .W35 2004
082 00 - DEWEY DECIMAL CLASSIFICATION NUMBER
Classification number 530
Edition information 21
100 1# - MAIN ENTRY--PERSONAL NAME
Personal name Walker, James S.,
Dates associated with a name 1950-
245 10 - TITLE STATEMENT
Title Physics /
Statement of responsibility, etc. James S. Walker.
250 ## - EDITION STATEMENT
Edition statement 2nd ed.
260 ## - PUBLICATION, DISTRIBUTION, ETC.
Place of publication, distribution, etc. Upper Saddle River, NJ :
Name of publisher, distributor, etc. Pearson/Prentice Hall,
Date of publication, distribution, etc. c2004.
300 ## - PHYSICAL DESCRIPTION
Extent 1 v. (various pagings) :
Other physical details ill. (chiefly col.) ;
Dimensions 28 cm.
500 ## - GENERAL NOTE
General note Includes index.
650 #0 - SUBJECT ADDED ENTRY--TOPICAL TERM
Topical term or geographic name entry element Physics.
942 ## - ADDED ENTRY ELEMENTS (KOHA)
Source of classification or shelving scheme Library of Congress Classification
Koha item type Books
Edition 2nd ed.
Suppress in OPAC No
999 ## -
-- 1549
-- 1549
Holdings
Withdrawn status Lost status Source of classification or shelving scheme Damaged status Not for loan Collection Home library Current library Shelving location Date acquired Total checkouts Full call number Barcode Date last seen Copy number Price effective from Koha item type
    Library of Congress Classification     Non-fiction Science Library (Miotso) Science Library (Miotso) General stacks 11/25/2024   QC23.2 .W35 WAL SLM00000846 11/25/2024 1 11/25/2024 Books
© 2023-2024 Copyright: Central University Libraries. All Rights Reserved | Created by: Mahone Tech Office